000 01579aam a2200361 i 4500
001 768714001
003 CO-MdFUSB
005 20231205145007.0
007 ta
008 231030t20032003spa||||g |||| 00| 0 spa d
020 _a848307589X
040 _aCO-MdFUSB
_bspa
_cCO-MdFUSB
_dCO-MdFUSBC
_erda
041 _aspa
082 _223
_a323.1196
_bL794
100 _aLmrabet, Alí,
_eautor
245 _aMañana
_b : a favor de la libertad de expresión en Marruecos
_c/ Alí Lmrabet ; traducido por Zoraida De Torres Burgos ; editado por Laura Feliu , Bernabé López García
250 _aPrimera edición
264 1 _aBarcelona, España :
_bPenínsula,
_c[2003]
264 4 _c©2003
300 _a158 páginas
_c; 21 cm
336 _2rdacontent
_atexto
_btxt
337 _2rdamedia
_asin mediación
_bn
338 _2rdacarrier
_avolumen
_bnc
490 _aAtalaya
505 _aAli B, indigente corriente -- ¿<Primavera> humanitaria en Marruecos? -- Netanyahu, los judíos marroquíes y palestina -- Abderramán Yusufi no pudo hacer nada -- Sahara: el final del sistema de Basri -- La mudawana como pretexto -- Un año sin Hasan II -- Así cruce el estrecho -- Juicio político -- Marruecos, España: la guerra -- Perejil: humillación y cólera -- <Un minuto menos de sol> provoca otro escandalo.
563 _aRústico.
653 _aPolítica y gobierno -- Derechos.
700 _98867
_aFeliu, Laura,
_eeditor
700 _98868
_aLópez García, Bernabé,
_eeditor
700 _98869
_aDe Torres Burgos, Zoraida,
_etraductor
942 _cBK
945 _asor1564
999 _c69219
_d69219